Alcohol y delito. Algunas observaciones /
Αποθηκεύτηκε σε:
| Κύριος συγγραφέας: | |
|---|---|
| Μορφή: | Κείμενο |
| Θέματα: | |
| Ετικέτες: |
Προσθήκη ετικέτας
Δεν υπάρχουν, Καταχωρήστε ετικέτα πρώτοι!
|
MARC
| LEADER | 00000 a a2200000 04500 | ||
|---|---|---|---|
| 001 | 47592 | ||
| 003 | |||
| 040 | |||
| 090 | |a REV0857 7 (20) 1981 | ||
| 100 | |a Valerio Charpentier, Efrain | ||
| 245 | |a Alcohol y delito. Algunas observaciones / |c Efrain Valerio Charpentier | ||
| 650 | |a ALCOHOLISMO | ||
| 650 | |a PROBLEMAS SOCIALES | ||
| 650 | |a DELINCUENTES | ||
| 773 | |g volumen7, número20, setiembre-diciembre (1981) | ||
| 999 | |c 22420 |d 22420 | ||
